Szczegóły MARC21

Teoretyczne i metodyczne podstawy treningu sportowego w lekkoatletycznych biegach krótkich.

005 -DATA I CZAS OSTATNIEJ MODYFIKACJI [,]
    • @
    • pole kontrolne
    • 20070315155141.9
040 -Instytucja sporządzająca opis [ , ]
    • a
    • Instytucja, która sporządziła opis (NP)
    • SZCZ U
    • c
    • Instytucja, która sporządziła rekord (NP)
    • SZCZ U
041 -Język dokumentu [0, ]
    • a
    • Język tekstu (P)
    • polski
    • h
    • Język tekstu oryginalnego i/lub pośredniego (P)
    • polski
942 -Rodzaj dokumentu [ , ]
    • c
    • Rodzaj dokumentu
    • Książka
100 -Hasło główne - nazwa osobowa [ , ]
    • a
    • Nazwa osobowa (NP)
    • KRUCZALAK EUGENIUSZ
245 -Strefa tytułu i oznaczenia odpowiedzialności [1, ]
    • a
    • Tytuł
    • Teoretyczne i metodyczne podstawy treningu sportowego w lekkoatletycznych biegach krótkich. Find
260 -Strefa adresu wydawniczego [ , ]
    • a
    • Miejsce wydania (P)
    • Kraków :
    • b
    • Nazwa wydawcy (P)
    • AWF
    • c
    • Data wydania (P)
    • 1999.
300 -Strefa opisu fizycznego [ , ]
    • a
    • Określenie formy książki i/lub objętość (NP)
    • 233 s. :
    • b
    • Oznaczenie ilustracji (NP)
    • il. :
    • c
    • Format (NP)
    • 23 cm.
490 -Strefa serii i książki wielotomowej - forma nie do wyszukiwania [0, ]
    • a
    • Tytuł (P)
    • (Studia i Monografie / Akademia Wychowania Fizycznego im.B.Czecha w Krakowie ; Find
    • x
    • ISSN (NP)
    • 1429-8627)
    • v
    • Numeracja (P)
    • nr 5,
500 -Uwaga ogólna [ , ]
    • a
    • Uwaga ogólna (NP)
    • Bibliogr.Summ
080 -Uniwersalna Klasyfikacja Dziesiętna [ , ]
    • a
    • Symbol klasyfikacji
    • 796.42/.43.015.1(084.11)
980 -Symbol UKD [ , ]
    • a
    • UKD
    • 796.42/.43.015.1(084.11)
Numer inwentarzowy Lokalizacja Status udost. Sygnatura Data inwentaryzacji
WF.6522BM1Lekkoatletyka 091999-10-21